| 000 | 02568cam a2200433 i 4500 | ||
|---|---|---|---|
| 001 | ocn244003554 | ||
| 003 | TZ-ArACH | ||
| 005 | 20210216161742.0 | ||
| 008 | 090706s2008 ilu b 001 0 eng | ||
| 010 | _a 2009287870 | ||
| 020 |
_a9781604420845 _q(pbk.) |
||
| 020 |
_a1604420847 _q(pbk.) |
||
| 029 | 1 |
_aAU@ _b000044476518 |
|
| 035 | _a(OCoLC)244003554 | ||
| 040 |
_aDLC _beng _erda _cTZ-ArACH |
||
| 043 | _an-us--- | ||
| 049 | _aTZAA | ||
| 050 | 0 | 0 |
_aKF8947 _b.R48 2008 |
| 100 | 1 |
_aRice, Paul R., _eauthor. |
|
| 245 | 1 | 0 |
_aElectronic evidence : _blaw and practice / _cPaul R. Rice. |
| 250 | _aSecond edition. | ||
| 260 |
_aChicago, Illinois : _bSection of Litigation, American Bar Association, _c2008. |
||
| 300 |
_axxi, 500 pages ; _c23 cm |
||
| 504 | _aIncludes bibliographical references and index. | ||
| 505 | 0 | _aDiscovery of electronic evidence -- Spoliation -- Confidentiality and the attorney-client privilege -- Best evidence/original writing rule -- Presumptions -- Authentication -- Hearsay -- Science and technology -- Judicial notice -- Future's challenge. | |
| 520 | _aInvestigates various issues that may arise with electronic communications from initiation of a case to trial. This offers useful solutions to both existing and possible problems. Reviews both the new discovery rules and how they relate to past practices, as well as basic evidentiary issues governing the admissibility of electronic evidence. Particular emphasis is given to problems that could develop around the way in which parties are asserting the attorney-client privilege and judges are applying it to e-mail communications. Important for all attorneys working with clients who use digital communications and for judges ruling on matters involving email. | ||
| 650 | 0 |
_aEvidence, Documentary _zUnited States _xAutomation. |
|
| 650 | 0 |
_aElectronic evidence _zUnited States _xAutomation. |
|
| 650 | 0 |
_aElectronic records _xLaw and legislation _zUnited States. |
|
| 650 | 0 |
_aComputer files _xLaw and legislation _zUnited States. |
|
| 650 | 0 |
_aElectronic discovery (Law) _zUnited States. |
|
| 650 | 7 |
_aComputer files _xLaw and legislation. _2fast |
|
| 650 | 7 |
_aElectronic discovery (Law) _2fast |
|
| 650 | 7 |
_aElectronic records _xLaw and legislation. _2fast |
|
| 651 | 7 |
_aUnited States. _2fast |
|
| 710 | 2 |
_aAmerican Bar Association. _bSection of Litigation, _eissuing body. |
|
| 776 | 0 | 8 |
_iOnline version: _aRice, Paul R. _tElectronic evidence. _b2nd ed. _dChicago, Ill. : Section of Litigation, American Bar Association, 2008 _w(OCoLC)745977706 |
| 942 |
_2lcc _cBOOK |
||
| 999 |
_c6391 _d6391 |
||